| 000 | 00392nam a2200169Ia 4500 | ||
|---|---|---|---|
| 005 | 20251020182529.0 | ||
| 008 | 200515s9999 xx 000 0 und d | ||
| 082 | _a696.13/C90 | ||
| 245 | 0 | _aGuía práctica de fontanería | |
| 260 | _aMadrid | ||
| 260 | _c1996 | ||
| 300 | _aCultural S. A. | ||
| 500 | _a1 ejemplar | ||
| 650 | _aINSTALACIONES SANITARIAS | ||
| 650 | _aLIB | ||
| 942 | _cLIB | ||
| 999 |
_c2012 _d2012 |
||